Gia đình Tibô = Les Thibaulat Tập 1

Gardado en:
Detalles Bibliográficos
Autor Principal: Đuyga, Rôgiê Máctanh
Outros autores: Lê Xuân Ninh (dịch)
Formato: Libro
Idioma:Vietnamese
Publicado: H. Văn học 1982
Series:Văn học hiện đại nước ngoài. Văn học Pháp
Những chủ đề:
Các nhãn: Engadir etiqueta
Sen Etiquetas, Sexa o primeiro en etiquetar este rexistro!
Thư viện lưu trữ: Mạng thư viện Đại học Đà Nẵng
LEADER 00967nam a2200325 4500
001 000004522
003 661
005 20110802140806.0
008 110721s1982 viesd
020 |c 20000 
041 1 |a vie 
082 |a 843  |b DUY 
100 1 |a Đuyga, Rôgiê Máctanh 
245 1 0 |a Gia đình Tibô  |b = Les Thibaulat  |c Rôgiê Máctanh Đuyga ; Lê Xuân Ninh, ... dịch ; Như Phong giới thiệu  |n Tập 1 
260 |a H.  |b Văn học  |c 1982 
300 |a 494 tr.  |c 19 cm. 
490 |a Văn học hiện đại nước ngoài. Văn học Pháp 
653 |a Văn học Pháp 
653 |a Tiểu thuyết Pháp 
700 1 |a Lê Xuân Ninh  |e dịch 
773 |t Nhà văn Việt Nam  |w 482 
910 |a Thi  |d 20/7/2011 
OWN |a LSP 
999 |a From the UDN01 
TYP |a Monograph 
TYP |a Printed language 
980 |a Mạng thư viện Đại học Đà Nẵng